Modern Hindu Law (Record no. 4389)

MARC details
000 -LEADER
fixed length control field 00359nam a22001577a 4500
005 - DATE AND TIME OF LATEST TRANSACTION
control field 20210831112551.0
008 - FIXED-LENGTH DATA ELEMENTS--GENERAL INFORMATION
fixed length control field 160628b xxu||||| |||| 00| 0 eng d
041 ## - LANGUAGE CODE
Language code of text/sound track or separate title eng
082 ## - DEWEY DECIMAL CLASSIFICATION NUMBER
Item number 10745
100 ## - MAIN ENTRY--AUTHOR NAME
Personal name Diwan, Paras
245 ## - TITLE STATEMENT
Title Modern Hindu Law
260 ## - PUBLICATION, DISTRIBUTION, ETC. (IMPRINT)
Name of publisher Allahabad law agency
Year of publication 2001
300 ## - PHYSICAL DESCRIPTION
Number of Pages 509
650 ## - SUBJECT ADDED ENTRY--TOPICAL TERM
Topical Term Management
942 ## - ADDED ENTRY ELEMENTS (KOHA)
Koha item type Books
Holdings
Lost status Damaged status Collection code Home library Current library Shelving location Date acquired Cost, normal purchase price Full call number Accession Number Koha item type
    LAW JRU Library JRU Library SHELF-30-C 28/06/2016 225.00 10745 10745 Books